| 000 | 01243nam a2200241 a 4500 | ||
|---|---|---|---|
| 999 |
_c447374 _d447374 |
||
| 003 | BLK | ||
| 005 | 20230628141100.0 | ||
| 008 | 220307b bu |||||||||| 00| | bu d | ||
| 040 | _aBLK | ||
| 041 |
_aBUL _cBUL |
||
| 080 |
_aВисше образование. Висши учебни заведения _b378 _x:62(497.215)(062) _z378:62(497.215)(062) |
||
| 139 |
_aСправочник за курсовете, провеждани във Факултета за повишаване квалификацията на кадрите при ВТУ Ангел Кънчев - Русе _bС 59 |
||
| 245 |
_aСправочник за курсовете, провеждани във Факултета за повишаване квалификацията на кадрите при ВТУ Ангел Кънчев - Русе _h[Малотир. изд.] |
||
| 260 |
_9211908 _aРусе _bВТУ Ангел Кънчев _c1984 |
||
| 300 |
_a76 см _c21 см |
||
| 380 | _a3 | ||
| 653 | 7 |
_9194802 _aпрофесионална квалификация |
|
| 653 | 7 |
_9189583 _aкурсове |
|
| 653 | 7 |
_9198317 _aтехнически университети |
|
| 852 |
_bК _c378/С 59 |
||
| 942 |
_cKNG _n0 _s1 _01 |
||
| 944 |
_aCR _c2022-03-07 _kВП |
||